000
00229nam a22001097a 4500
082
_a
621.3CAT
100
_a
Cathy
245
_a
Basic electrical engineering
260
_a
London
_b
McGraw Hill
_c
1987
300
_a
298
942
_c
BK
999
_c
14629
_d
14629